000 01480nam a2200241Ia 4500
003 Ost
005 20260507075638.0
008 260507s9999||||xx |||||||||||||| ||und||
020 _a9775919010
040 _cfsecg
041 _aara
082 _a350
100 _aالمغربي، عبد الحميد عبد الفتاح
_eمؤلف
245 0 _aالإدارة الاستراتيجية لمواجهة تحديات القرن الواحد والعشرين /
_c عبد الحميد عبد الفتاح المغربي
260 _aالقاهرة:
_bمجموعة النيل العربية,
_c1999
300 _a319 صفحة؛
_bإيضاحات ؛
_c24 سم
504 _aالمراجع ص. 64 ص.238 ص.319
520 _aمبادئ الادارة الاستراتيجية :مفاهيم ومصطلحات اساسية في الادارة ، الادارة الاستراتيجية - مراحل الادارة الاستراتيجية، تحديد الغايات والاهداف ،تحديد الفرص والمخاطر ،تحديد نواحي القوة والضعف ،البدائل الاستراتيجية - الحالات العملية في الادارة الاستراتيجية ، تحليل الحالات العملية وتنمية المهارات الفكرية ، حالات عملية ومواقف تطبيقية
653 _aالإدارة
653 _aالإدارة الاستراتيجية
653 _aالاستراتيجية
942 _cكتاب
999 _c45341
_d45341